Регионална библиотека "Любен Каравелов" - Русе

C. Plinii Caecilii Secundi consulis Panegyricus (Запис номер 390748)

MARC детайли
000 -Лидер
Контролно поле с фиксирана дължина nam a22 a 4500
003 - Код на организацията, давaща контролен номер
Контролно поле BLK
005 - Дата и час на последна редакция
Контролно поле 20201027151730.0
008 - Елементи от данни с фиксирана дължина
fixed length control field 201027b bu ||||| |||| 00| 0 bu d
040 ## - Източник на каталожния запис
Идентификатор на билиотеката - собственик на записа BLK
041 ## - Код за език
Код за езика на текст/звукозапис или на отделно заглавие Латински
Код за езика КДБФ Други
080 ## - УДК
Текстов определител УДК Латинска (римска) литература
УДК код - определител по УДК 821.124
УДК определител -6
УДК - код + определител 821.124-6
100 ## - Редна дума - Автор
R(LIN) 1299
Автор Plinius Caecilius Secundus, Caius
Авторска отговорност първи автор
245 ## - Сведения за заглавието
Заглавие C. Plinii Caecilii Secundi consulis Panegyricus
Подзаглавни данни Nervae Trajano Augusto
Редно поле (дума) Caius Plinius Caecilius Secundus
260 ## - Област на издателските данни
9 (RLIN) 210229
Място на издаване, разпространение и проч. Paris
Име на издателя, разпространителя и проч. Hachette
Година на издаване 1845
300 ## - Физическа характеристика
Страници 185 с.
Размери/Мащаб 18 см
380 ## - Жанр
Жанр Худож. лит.
490 ## - СЕРИИ (Колекции)
9 (RLIN) 435080
Име на серия Колекция Редки и ценни издания
852 ## - Местоположение
Форматна сигнатура Рл 845
Фондова буква Редки и ценни
999 ## - СИСТЕМНИ КОНТРОЛНИ НОМЕРА
Koha biblionumber 390748
Koha biblioitemnumber 390748
942 ## - АРТИКУЛИ
Вид на библиотечния материал Книги
Скрит в OPAC Не
Периодичен библиозапис Да
944 ## - СЪЗДАВАНЕ И РЕДАКЦИЯ на ЗАПИСА
Създаване/Редакция Създаване
Дата на регистрацията/редакция 2020-10-27
Служител, извършил регистрацията/редакцията ВЙ
Наличности
Код за отписване Код за изгубен артикул Източник на класификационната схема Код за повреда Коз за рестрикции Код за отдаване Артикулен № Име на библиотеката - собственик Име на библиотеката, в която се намира в момента Статус (Текущо местоположение) Дата на вписване в системата Местоположение - отдел Цена в лева Инвентарен номер Систематично азбучна сигнатура Баркод Цена в евро Служебен тип на артикула
  Не е изгубен Universal Decimal Classification Не е повреден само за читалня Специални фондове ( старопечатни, редки и ценни, фонд М. Арнаудов) 804787 Регионална библиотека "Любен Каравелов" Русе Регионална библиотека "Любен Каравелов" Русе Редки и ценни 2020-11-05 Редки и ценни 0.38 16868 Рл 845 900000037728 0.19 Книги
Vip Innovations Ltd, Rousse, Bulgaria 2025